| 000 | 01120cam a2200301 i 4500 | ||
|---|---|---|---|
| 001 | 4853103 | ||
| 003 | EG-ScBUE | ||
| 005 | 20250714085928.0 | ||
| 008 | 911018s2003 enka f b 001 0 eng d | ||
| 020 | _a0750611820 | ||
| 020 | _a9780750611824 | ||
| 040 |
_aDLC _beng _erda _cDLC _dDLC _dEG-ScBUE |
||
| 082 | 0 | 4 |
_a541.345 _222 _bSHA |
| 100 | 1 |
_aShaw, Duncan J., _eauthor. _938706 |
|
| 245 | 1 | 0 |
_aIntroduction to colloid and surface chemistry / _cDuncan J. Shaw, BSc, Phd, FRSc, formerly principal lecturer in physical chemistry, Department of Chemistry and Biochemistry, Liverpool Polytechnic. |
| 250 | _aFourth edition. | ||
| 264 | 1 |
_aOxford ; _aBurlington : _bButterworth-Heinemann / Elsevier Science, _c2003. |
|
| 300 |
_avi, 306 pages : _billustrations ; _c22 cm |
||
| 336 |
_2rdacontent _atext _btxt |
||
| 337 |
_aunmediated _2rdamedia _bn |
||
| 338 |
_avolume _bnc _2rdacarrier |
||
| 504 | _aIncludes bibliographical references and index. | ||
| 650 | 7 |
_aColloids. _2BUEsh _97422 |
|
| 650 | 7 |
_aSurface chemistry. _2BUEsh |
|
| 653 |
_bENGGEN _cNovember2015 |
||
| 655 |
_vReading book _934232 |
||
| 942 |
_2ddc _cBB |
||
| 999 |
_c21025 _d20997 |
||